| 000 | 00409nam a22001577a 4500 | ||
|---|---|---|---|
| 003 | NUST - PNEC | ||
| 005 | 20170116181039.0 | ||
| 008 | 150921b xxu||||| |||| 00| 0 eng d | ||
| 040 | _cLIBRARY | ||
| 082 | _a621.18422 | ||
| 100 |
_911544 _aBaker, L. |
||
| 245 |
_aThe design of marine water-tube boilers _cL. Baker |
||
| 260 | _cc 1950 | ||
| 650 |
_911545 _aSteam-boilers, Marine _xMIS, ME |
||
| 942 |
_2ddc _cBK |
||
| 999 |
_c68046 _d68046 |
||